| 000 | 00456nam a22001697a 4500 | ||
|---|---|---|---|
| 003 | BD-ChCU | ||
| 005 | 20260426105237.0 | ||
| 008 | 260426b bg ||||| |||| 00| 0 ben d | ||
| 040 | _cBD-ChCU | ||
| 082 | _a551.48 TOG | ||
| 100 |
_aTodd, David Keith . _921903 |
||
| 245 |
_aGround water hydrology ./ _cDavid Keith Todd , |
||
| 260 |
_aTokyo : _bJapan _cC1959 |
||
| 300 | _axii , 336p. | ||
| 650 | 0 |
_aWater . Hydrotherapy . _921905 |
|
| 942 |
_2ddc _cBK _n0 |
||
| 999 |
_c112415 _d112415 |
||